000
00236nam a2200097Ia 4500
008
230907s9999||||xx |||||||||||||| ||und||
082
_a
621.31042
_b
GIS
245
0
_a
Gas insulated substations /
300
_a
xx, 469 pages ;
942
_c
BK
999
_c
599901
_d
599901